Teatro... / (Record no. 38363)

MARC details
000 -LEADER
campo de control de longitud fija 00860nam a2200253 i 4500
001 - NÚMERO DE CONTROL
campo de control 38363
003 - IDENTIFICADOR DE NÚMERO DE CONTROL
campo de control ES-MaACL
005 - FECHA Y HORA DE LA ÚLTIMA TRANSACCIÓN
campo de control 20250513063018.0
007 - CAMPO FIJO DE DESCRIPCIÓN FÍSICA--INFORMACIÓN GENERAL
campo de control de longitud fija t|
008 - DATOS DE LONGITUD FIJA--INFORMACIÓN GENERAL
campo de control de longitud fija 030225s1920 sp ||||1| spa d
100 1# - ENTRADA PRINCIPAL--NOMBRE DE PERSONA
9 (RLIN) 239594
Nombre de persona Calderón de la Barca, Pedro,
Fechas asociadas al nombre 1600-1681
Término indicativo de función/relación Autor
245 10 - MENCIÓN DEL TÍTULO
Título Teatro... /
Mención de responsabilidad, etc. Calderón de la Barca ; prólogo de Justo Gómez Ocerín.
260 ## - PUBLICACIÓN, DISTRIBUCIÓN, ETC.
Lugar de publicación, distribución, etc. Madrid :
Nombre del editor, distribuidor, etc. [s.n.],
Fecha de publicación, distribución, etc. 1920 (
Fabricante Imprenta Clásica Española)
505 8# - NOTA DE CONTENIDO CON FORMATO
Nota de contenido con formato Contiene: T. I: El alcalde de Zalamea. La vida es sueño. El mágico prodigioso. El principe constante
650 14 - PUNTO DE ACCESO ADICIONAL DE MATERIA--TÉRMINO DE MATERIA
Término de materia o nombre geográfico como elemento de entrada
9 (RLIN) 239524
700 1# - ENTRADA AGREGADA--NOMBRE PERSONAL
Nombre de persona Gómez Ocerín, Justo.
9 (RLIN) 58080
740 3# - ENTRADA AGREGADA--TÍTULO RELACIONADO/ANALÍTICO NO CONTROLADO
Título relacionado o analítico no controlado El alcalde de Zalamea.
740 3# - ENTRADA AGREGADA--TÍTULO RELACIONADO/ANALÍTICO NO CONTROLADO
Título relacionado o analítico no controlado La vida es sueño.
740 3# - ENTRADA AGREGADA--TÍTULO RELACIONADO/ANALÍTICO NO CONTROLADO
Título relacionado o analítico no controlado El mágico prodigioso.
740 3# - ENTRADA AGREGADA--TÍTULO RELACIONADO/ANALÍTICO NO CONTROLADO
Título relacionado o analítico no controlado El principe constante.
852 ## - LOCALIZACIÓN
Ubicación ES-MaACL
Número de control de estantería F-14000
942 ## - ELEMENTOS DE ENTRADA SECUNDARIOS (KOHA)
Fuente del sistema de clasificación o colocación Clasificación decimal universal
Holdings
Estatus retirado Estado de pérdida Estado de daño No para préstamo Biblioteca de origen Biblioteca actual Ubicación en estantería Fecha de adquisición Fuente de adquisición Total de préstamos Signatura topográfica completa Código de barras Visto por última vez Precio de reemplazo Tipo de ítem Koha
        Biblioteca del Ateneo de Madrid Biblioteca del Ateneo de Madrid Sala Pecera Planta 2 17/01/2008     F-14000 1040390 23/02/2023 23/02/2023 Libro impreso